| 000 | 01088nam a2200313 i 4500 | ||
|---|---|---|---|
| 003 | DO-SdBNP | ||
| 005 | 20250925101039.0 | ||
| 007 | ta | ||
| 008 | 210906b1987 dr a|||| |||| 00| 0 spa d | ||
| 020 | _a848400XXX | ||
| 040 |
_aDO-SdBNP _bspa _cBNPHU _erda |
||
| 041 | _aspa | ||
| 082 | 4 |
_aRD863.44 _bL935a _222 |
|
| 100 | 1 |
_aLucero Vásquez, Jaime, _eautor _4aut. _979762 |
|
| 245 | 1 | 0 |
_aAnónimos contra el jefe / _cJaime Lucero Vásquez |
| 264 | 4 |
_aSanto Domingo : _bEdiciones de Taller, _c©1987. |
|
| 300 |
_a218 páginas : _bilustraciones ; _c21 cm. |
||
| 336 |
_atexto _btxt _2rdacontent |
||
| 337 |
_asin mediación _bn _2rdamedia |
||
| 338 |
_avolumen _bnc _2rdacarrier |
||
| 490 | 1 |
_aBiblioteca taller _v241 |
|
| 500 | _aIncluye datos biográficos del autor en la solapa de la contracubierta. | ||
| 590 | _aInventariado, 2021 /LP | ||
| 650 | 4 |
_aLiteratura dominicana. _967 |
|
| 650 | 4 |
_aNovela dominicana _9223 |
|
| 651 | 0 |
_aRepública Dominicana _xHistoria _xEra de Trujillo _y1930-1961 _978065 |
|
| 910 | _aLopérez. Validado. Control de Calidad/MAA | ||
| 942 |
_2ddc _cLBS1 |
||
| 999 |
_c50426 _d50426 |
||